New perspectives on Microsoft Office access 2003 : (Record no. 4779)

MARC details
000 -LEADER
fixed length control field 00752nac a22001811u 4500
010 ## - LIBRARY OF CONGRESS CONTROL NUMBER
LC control number 013299744
020 ## - INTERNATIONAL STANDARD BOOK NUMBER
International Standard Book Number 0619206727
082 ## - DEWEY DECIMAL CLASSIFICATION NUMBER
Classification number 005.7565
Item number A219
090 ## - LOCALLY ASSIGNED LC-TYPE CALL NUMBER (OCLC); LOCAL CALL NUMBER (OCLC)
-- 4779
-- 4779
100 ## - MAIN ENTRY--PERSONAL NAME
Personal name Adamski, Joseph J.,
245 ## - TITLE STATEMENT
Title New perspectives on Microsoft Office access 2003 :
Remainder of title introductory /
Statement of responsibility, etc Joseph J. Adamski, Kathleen T. Finnegan.
260 ## - PUBLICATION, DISTRIBUTION, ETC. (IMPRINT)
Place of publication, distribution, etc Australia ; United Kingdom :
Name of publisher, distributor, etc Thomson/Course Technology, c2006.
Date of publication, distribution, etc c2006.
300 ## - PHYSICAL DESCRIPTION
Extent 32,440,31,24 p. :
Other physical details col. ill., ;
Dimensions 28 cm.
650 ## - SUBJECT ADDED ENTRY--TOPICAL TERM
Topical term or geographic name as entry element Microsoft Access
700 ## - ADDED ENTRY--PERSONAL NAME
Personal name Finnegan, Kathleen T.
942 ## - ADDED ENTRY ELEMENTS (KOHA)
Item type Book - Borrowing
Call number prefix 005.7565 A219
Holdings
Withdrawn status Item status Damaged status Not for loan Home library Current library Shelving location Date acquired Source of acquisition Total Checkouts Total Renewals Full call number Barcode Date last seen Date last borrowed Koha item type
        Central Library Central Library Lower Floor 19/09/2007 Purchase 4 8 005.7565 ADA 000005804 15/07/2025 01/11/2011 Book - Borrowing